| 000 | 01016nam a22003017a 4500 | ||
|---|---|---|---|
| 003 | CHAP | ||
| 005 | 20221024142842.0 | ||
| 008 | 971013s r 00010 d | ||
| 010 | _a44552 | ||
| 011 | _a45524 | ||
| 035 | _a49663 | ||
| 040 | _cCHAP | ||
| 090 | _aTesis | ||
| 100 | 0 | 0 |
_aTejada, Luis Orlando. _9112019 |
| 245 |
_aEvaluation of the effectiveness of some general predators at different predatos-prey densites, with special reference to their attack on Heliothis zea (Boddie) / _cby Luis Orlando Tejada |
||
| 260 |
_aRiverside, Cal. : _bThe author, _c1971 |
||
| 502 | _aTesis (Ph. D.) -- Univ. of California | ||
| 590 |
_aALEPH _b10 _c20130110 |
||
| 590 |
_aBATCH-UPD _b10 _c20130110 |
||
| 590 |
_aBATCH-UPD _b10 _c20130410 |
||
| 590 |
_aBATCH-UPD _b10 _c20130914 |
||
| 590 |
_aCONVERSION _b10 _c20130109 |
||
| 650 | 1 | 4 |
_aControl biológico de insectos. _927582 |
| 650 | 1 | 4 |
_aHeliothis (Helicoverpa) zea. _953438 |
| 901 | _aBK | ||
| 942 |
_cTESIS _2ddc |
||
| 949 |
_bBC _cTES _d-111937 _eTS1 _i49663 _si |
||
| 999 |
_c44552 _d44552 |
||